<?xml version="1.0" encoding="UTF-8"?>
<record
    xmlns:xsi="http://www.w3.org/2001/XMLSchema-instance"
    xsi:schemaLocation="http://www.loc.gov/MARC21/slim http://www.loc.gov/standards/marcxml/schema/MARC21slim.xsd"
    xmlns="http://www.loc.gov/MARC21/slim">

  <leader>00378    a2200109   4500</leader>
  <controlfield tag="001">ART_55202</controlfield>
  <controlfield tag="005">20260410162021.0</controlfield>
  <controlfield tag="008">260409a                                 </controlfield>
  <datafield tag="245" ind1="1" ind2="0">
    <subfield code="a">La separaci&#xF3;n de hecho como causal de exclusi&#xF3;n hereditaria</subfield>
  </datafield>
  <datafield tag="100" ind1="1" ind2=" ">
    <subfield code="a">Mill&#xE1;n, Fernando</subfield>
  </datafield>
  <datafield tag="773" ind1="0" ind2=" ">
    <subfield code="t">Temas de derecho de familia, sucesiones y bio&#xE9;tica</subfield>
    <subfield code="g">- A&#xF1;o 7, N&#xB0; 2 (feb. 2022)</subfield>
    <subfield code="w">REV41029</subfield>
  </datafield>
  <datafield tag="999" ind1=" " ind2=" ">
    <subfield code="c">33084</subfield>
    <subfield code="d">33084</subfield>
  </datafield>
</record>
